000 00646nam a22001815i 4500
001 162414
003 ES-MaACL
005 20230906212523.0
008 990428s1850 sp |||| | spa d
040 _aCCPB | B
_bspa
_cCCPB | B
100 1 _aPons y Argentó, Francisco.
_9131265
245 1 0 _aGramática castellana fundada sobre principios filosóficos /
_cpor Francisco Pons y Argentó.
260 _aBarcelona :
_b[s.n.],
_c1850 (
_fImprenta de Juan Gaspar)
300 _aCXX, 269 p. ;
_c15 cm.
650 4 _aLengua española-
_xGramática.
_914161
752 _aEspaña -
_dBarcelona
852 _aES-MaACL
_jD-488
_z-- Enc. pasta española
999 _c162414
_d162414